000 04146nam a22003857a 4500
001 0000559
003 KOHA_MİRAKIL
005 20260207001213.0
007 ta
008 081212b2007 tu |||gr||||#||||0|tur |
020 _a9789752957541
_cYTL13,69
040 _aTR-BiSEU
_btur
_cTR-BiSEU
_erda
041 0 _atur
044 _ctu
050 _aTR850
_b.A77 2007
100 1 _aArslantepe, Mehmet.
245 1 _aBir film çekmek ve masaüstü filmciliğe giriş/
_cMehmet Arslantepe ; Mehmed Arslantepe.
264 1 _aİstanbul :
_bBeta
_c2007
300 _a179 sayfa
336 _ametin
_btxt
_2rdacontent
337 _aaracısız
_bn
_2rdamedia
338 _acilt
_bnc
_2rdacarrier
490 1 _aBeta ;
_vyayın no.
490 1 _a1859.
490 1 _aİletişim ;
_v40.
505 _aİÇİNDEKİLER
_xÖNSÖZ V
_xGİRİŞ 1
_x
_xI. BÖLÜM BİR FİLM ÇEKMEK
_xA. Sinema Düşüncesi ve Gelişimi 7
_xB. Film Çekmeye Başlamak 12
_x1. Kısa Film 12
_x2. Bir Filmin Aşamaları 14
_x2.1. Bir Fikrin Bulunması ve Geliştirilmesi 15
_x2.2. Nasıl Anlatılmalı 16
_x2.2.1. Anlatım Örgüsü 17
_x2.2.2. Görüntüyle Anlatım 23
_x2.3. Fikrin Senaryolaştırılması 25
_x3. Çekim Aşaması ve Çekim Ekipmanı 27
_x3.1. Film İçin Bir Set Ekibi 33
_x3.2. Bütçe ve Program Yapmak 36
_x3.2.1. Bütçe 36
_x3.2.2. Çekim Programı 40
_x4. Montaj Aşaması 41
_x5. Yasalar 43
_x5.1. Tanımlar 43
_x5.2. Eser Sahipliği 44
_x5.3. İşleme Hakkı ve Çoğaltma Hakkı 44
_x5.4. Serbest Kullanma Hakkı 45
_x5.5. Koruma Süresi 46
_xC. Video Kameralar 47
_x1. Televizyon standartları 47
_x2. Kamera Pormatları 47
_x2.1. Eski Formatlar 48
_x2.2. Yüksek Kaliteli Formatlar 48
_xD. Kamera Özellikleri 51
_x1. Zoom 51
_x2. Focus/Odak 52
_x3. iris /Apereture 52
_x4. Exposure (pozlandirma) 53
_x5. Shutter Speed (hız kontrolü) 53
_x6. Arka Işık Kontrolü (Backlight Control) 53
_x7. Beyaz Dengesi /Ayarı (White Balance) 53
_x8. Ses/Audio 54
_x9. LCD Screen Cams (LCD Ekran) 54
_x10. Piller 54
_x11. Video Kamera Filtreleri 55
_x12. Tripod /Kamera Sehpası 55
_x
_xII. BÖLÜM SENARYO
_xA. Senaryo Yazımı İçin Bilinmesi Gereken 60
_x1. Tema 61
_x2. Dramatik Yapı (Öyküleme) 62
_x3. Kişileştirme 68
_x4. Zaman 71
_x5. Mekan 72
_x6. Konuşma Örgüsü (Diyalog) 73
_x7. Ses ve Efekt Kullanımı 75
_x8. Müzik 77
_xSenaryo Yazımı İçin Son Sözler 77
_xB. Senaryonun Aşamaları ve Biçimi 79
_x1. Synopsis (Taslak Öykü) 79
_x2. Treatment (Geliştirim) 80
_x3. Ayrımlama (Senaryo) 80
_x4. Çekim Senaryosu (Shoting Script) 82
_x5. Storyboard (Resimli Taslak) 84
_x
_xIII. BÖLÜM
_xSİNEMATOGRAFİ: TEMEL BİLGİLER
_xA. Kamera Hareketleri 87
_x1. Kameranın Gövdesiyle Yapılan Hareketler: Çevrinme Hareketleri 87
_x1.1. Yatay Çevrinme / Yatay Hareket: PAN 88
_x1.2. Dikey Çevrinme / Düşey Hareket: TILT 88
_x2. Kameranın Ayağı (Tripod) ile Yapılan Hareketler:
_xKaydırma Hareketleri 88
_x2.1. Kaydırma: TRAVELLING 88
_x2.2. Koşut Kaydırma: CRABBING 88
_x3. Mercekle Yapılan Kaydırma - Optik Kaydırma: ZOOM 89
_x4. Mekanik Teknikler - Dikey Yükseliş/Alçalış: CRANE 89
_xB. Çekim Ölçekleri / Planlar 89
_xC. Temel Geçiş Teknikleri (Transitions) 94
_xD. Montaj - Kurgu 95
_x
_xIV. BÖLÜM
_xKOMPOZİSYON TEKNİKLERİ
_xA. Konu Saptamak 101
_xB* Çerçeveleme 102
_xC Yalınlık/Sadelik Sağlamak 110
_xD- Çizgiler 111
_xE- Şekiller/Formlar 112
_xp- Denge 113
_xG- Işık 115
_xH. Renkler 118
_xAlan Derinliği -122
_xJ- Ses 124
_xK. Kombine Hareket Teknikleri 129
_x1. Farklı ve Kombine Kamera Hareketleri 130
_x2. Farklı Açılar 131
_x3. Crane Teknikleri 133
_x
_xV. BÖLÜM KURGU
_xA. Kurgu İçin Bilinmesi Gerekenler 139
_xB. Kurgunun Aşamaları 141
_xC. Kurgu Kuralları 142
_xD. Kurgu Terimleri 143
_xE. Teknik Terimler 146
_x
_xSON SÖZLER 148
_xÖnemli Yönetmenler ve Filmleri 150
_x
_xKAYNAKÇA 177
_x
650 0 _aMotion pictures.
_92819
650 0 _aMotion pictures--Production and direction--Handbooks, manuals, etc.
_92820
650 0 _aShort films--Production and direction.
_92821
650 0 _aMotion pictures--Production and direction.
_92822
830 1 _aBeta ;
_vyayın no.
_92823
830 1 _a1859.
_92824
830 1 _aİletişim ;
_v40.
_92736
942 _2lcc
_cBK
999 _c560
_d560